住友金属鉱山二十年史

Saved in:
Bibliographic Details
Corporate Author: 住友金属鉱山株式会社
Format: Book
Language:Undetermined
Published: 東京 住友金属鉱山 1970
Subjects:
Tags: Add Tag
No Tags, Be the first to tag this record!
Institutions: Trung tâm Học liệu Trường Đại học Cần Thơ
LEADER 00504nam a2200181Ia 4500
001 CTU_89072
008 210402s9999 xx 000 0 und d
082 |a 622.33 
082 |b S955 
110 |a 住友金属鉱山株式会社 
245 0 |a 住友金属鉱山二十年史 
245 0 |c 住友金属鉱山株式会社 
260 |a 東京 
260 |b 住友金属鉱山 
260 |c 1970 
650 |a Mining Engineering 
904 |i Ngoc 
980 |a Trung tâm Học liệu Trường Đại học Cần Thơ